000 01618cam a2200325 i 4500
003 SA-RiAUC
005 20241230085246.0
008 241228s1983 su a g b f00010 ara c
040 _aSA-RiAUC
_bara
_cSA-RiAUC
_erda
043 _aa-su---
082 0 4 _a362.1
_qSA-RiAUC
090 _a362.1
_bص ن ي
100 1 _aالصنيع، عبد الله علي عبد الرحمن،
_d1363 هجري-
_eمؤلف.
245 1 2 _aالخدمات الصحية بمدينة مكة المكرمة :
_bدراسة في الجغرافيا الاجتماعية /
_cعبد الله علي عبد الرحمن الصنيع.
250 _aالطبعة الأولى.
264 1 _aمكة المكرمة :
_bجامعة أم القرى، مركز البحوث التربوية والنفسية،
_c1983
300 _a112 صفحة :
_bإيضاحيات ؛
_c24 سم.
336 _aنص
_btxt
_2rdacontent
_3كتاب
337 _aبدون وسيط
_bn
_2rdamedia
338 _aمجلد
_bnc
_2rdacarrier
490 0 _aسلسلة الدراسات والبحوث الاجتماعية / جامعة أم القرى (مكة المكرمة)، مركز البحوث التربوية والنفسية ؛
_v1
500 _aملاحق : صفحة 87-112.
504 _aببليوجرافية : صفحة 77-112.
504 _aيشتمل على إرجاعات ببليوجرافية.
650 7 _aالخدمات الصحية
_zالسعودية
_2aucsh
650 7 _aالصحة العامة
_zمكة المكرمة
_2aucsh
650 7 _aالجغرافيا البشرية
_2aucsh
942 _2ddc
_cBOOK
_n0
949 _aSA-JeALM
_d241228
_umohamedma123
_n1
999 _c4111
_d4111